000 00461nam a2200145 a 4500
008 120416s2000 xx |||||||||||||| || u
050 _aTK 7874 Bis
100 _aBishop, Owen
245 1 0 _aMicroelectronics
246 _asystems and devices
260 _c2000
300 _a: ill.
350 _a0.00
995 _D0.00
_FCBU-MAIN LIBRARY (Kitwe)
_H1
_I17.95
_M1
_UAVAILABLE
_ZMain Library Open Access Collection
999 _c51130
_d51130